| 000 | 00837nam a22002297a 4500 | ||
|---|---|---|---|
| 999 |
_c10683 _d10683 |
||
| 003 | AR-CdUCM | ||
| 008 | 190401b ||||| |||| 00| 0 spa d | ||
| 040 |
_aMUNICIPALIDAD PROVINCIAL DEL CUSCO _cBIBLIOTECA MUNICIPAL DEL CUSCO |
||
| 041 | _heng | ||
| 082 |
_22ed. _a970.004 / _bF82 / 1930 |
||
| 100 |
_aFrank, Waldo _920425 |
||
| 245 | _aDescubrimiento de América / | ||
| 260 |
_aMadrid : _bTalleres espasa-calpe, _c1930. |
||
| 300 |
_a276 paginas ; _c21 cm. |
||
| 505 | _aContenido : Los últimos días de Europa -- El sentido de la totalidad -- La selva americana -- Nuestras artes actuales --Nuestras mujeres -- América presa facil... | ||
| 650 |
_aEuropa _91221 |
||
| 650 |
_aAmérica _91348 |
||
| 650 |
_aCausas y condiciones _927662 |
||
| 650 |
_aDestructores y narradores _927663 |
||
| 942 |
_2ddc _cLIBROS |
||
| 945 | _awnts | ||